| 000 | 00669nam a2200193Ia 4500 | ||
|---|---|---|---|
| 003 | GCL | ||
| 008 | 140319s9999 xx 000 0 ara d | ||
| 040 |
_aGCL / _cGCL |
||
| 082 | 0 | 4 |
_a720.92 _bا ر |
| 100 | 1 | _aاحمد ايمن خلوصى | |
| 245 | 1 | 0 |
_aريتشارد ماير / _cاحمد ايمن خلوصى |
| 260 |
_aبيروت : _bدار قابس للطباعة والنشر والتوزيع ، _c2004 |
||
| 300 |
_a256 ص ؛ _c16 سم |
||
| 490 |
_aسلسلة مشاهير الفكر الهندسى المعمارى _v0 |
||
| 650 | 0 | 4 | _aالمعماريون |
| 650 | 0 | 4 | _aالعمارة - تراجم |
| 650 | 0 | 4 | _aماير، ريتشارد |
| 942 |
_2ddc _cBK |
||
| 999 |
_c6393 _d6393 |
||